000 00796cab a2200253 4500
001 WB3436-34
008 090401t1998 xxu||||| |||| 00| 0 eng d
035 _a(Sirsi) u88585
041 _aeng
245 _aLittle America surveys the spoils
260 _c1998
350 _a0
490 _aSunday Telegraph
_v20 September 1998, 6B(2)
520 _aAfter the recent spate of takeovers of UK property agents by US firms, the motives behind the trend are examined and the implications discussed.
650 _aHEALEY & BAKER
650 _aMERGERS AND ACQUISITIONS
650 _aPROPERTY AGENTS
650 _aSURVEYING FIRMS
650 _aTAKEOVERS
650 _aUNITED STATES
690 _aMANAGEMENT-BUSINESS MANAGEMENT-PROFESSIONAL PRACTICE
942 _n0
948 _c22/09/1998
999 _c55994
_d55994